000 00691nam a2200241Ia 4500
005 20250425162831.0
008 250425s9999 xx 000 0 und d
020 _a9780813813011
041 _aeng
044 _a-us
082 _a639.8
_pENG
100 _aEngle, Carole R.
245 0 _aAquaculture Economics And Financing: Management And Analysis
_cCarole R. Engle
250 _a1A. ED.
260 _aNew Delhi
_bWILEY-BLACKWELL
_c2010
264 _aEstados Unidos, IOWA CITY
_bWILEY-BLACKWELL
_c2010.
300 _a260
650 _aACUICULTURA-ASPECTOS ECONOMICOS
650 _aACUICULTURA-FINANCIACION
650 _aACUICULTURA-INDUSTRIA
942 _c01
010 _a110943
999 _c237358
_d237358